Catálogo

Las gallinas de mi abuelo / (Registro nro. 68849)

Detalles MARC
000 -LEADER
fixed length control field 01218nam a2200337 i 4500
001 - CONTROL NUMBER
control field 68849
003 - CONTROL NUMBER IDENTIFIER
control field Mx-PuUPA
005 - DATE AND TIME OF LATEST TRANSACTION
control field 20220302075613.0
008 - FIXED-LENGTH DATA ELEMENTS--GENERAL INFORMATION
fixed length control field 200527s2017 mx a br 00| 1 spa d
020 ## - INTERNATIONAL STANDARD BOOK NUMBER
International Standard Book Number 9786072426405
020 ## - INTERNATIONAL STANDARD BOOK NUMBER
International Standard Book Number 9789687791760 de la colección El barco de vapor
040 ## - CATALOGING SOURCE
Original cataloging agency Mx-PuUPA
Language of cataloging spa
Transcribing agency Mx-PuUPA
Modifying agency Mx-PuUPA
Description conventions rda
041 0# - LANGUAGE CODE
Language code of text/sound track or separate title spa
100 1# - MAIN ENTRY--PERSONAL NAME
9 (RLIN) 8296
Personal name Hinojosa, Francisco
Dates associated with a name 1954-
245 14 - TITLE STATEMENT
Title Las gallinas de mi abuelo /
Statement of responsibility, etc. Francisco Hinojosa ; ilustraciones de Margarita Sada.
250 ## - EDITION STATEMENT
Edition statement Segunda edición
264 31 - PRODUCTION, PUBLICATION, DISTRIBUTION, MANUFACTURE, AND COPYRIGHT NOTICE
Place of production, publication, distribution, manufacture Ciudad de México :
Name of producer, publisher, distributor, manufacturer Ediciones SM,
Date of production, publication, distribution, manufacture, or copyright notice 2017
300 ## - PHYSICAL DESCRIPTION
Extent 64 páginas :
Other physical details ilustraciones ;
Accompanying material 19 cm.
336 ## - CONTENT TYPE
Fuente rdacontent
Content type term texto
Content type code txt
337 ## - MEDIA TYPE
Source rdamedia
Media type term sin medio
Media type code n
338 ## - CARRIER TYPE
Source rdacarrier
Carrier type term volumen
Carrier type code nc
490 1# - SERIES STATEMENT
Series statement El barco de vapor. Naranja ;
Volume/sequential designation 21 M
650 14 - SUBJECT ADDED ENTRY--TOPICAL TERM
Topical term or geographic name entry element Literatura mexicana
Form subdivision Ficción infantil
650 14 - SUBJECT ADDED ENTRY--TOPICAL TERM
Topical term or geographic name entry element Novela policiaca
Form subdivision Ficción infantil
700 1# - ADDED ENTRY--PERSONAL NAME
Personal name Sada, Margarita,
Relator term ilustrador
830 #3 - SERIES ADDED ENTRY--UNIFORM TITLE
Uniform title El barco de vapor.
Name of part/section of a work Naranja ;
Volume/sequential designation 21 M
942 ## - ADDED ENTRY ELEMENTS (KOHA)
Source of classification or shelving scheme Dewey Decimal Classification
Koha item type Libro
Classification part 808.8035234
Item part B2921
Existencias
Withdrawn status Lost status Source of classification or shelving scheme Damaged status Not for loan Collection code Home library Current library Shelving location Date acquired Source of acquisition Cost, normal purchase price Total Checkouts Full call number Barcode Checked out Date last seen Date last checked out Cost, replacement price Price effective from Koha item type
    Dewey Decimal Classification     Infantil Biblioteca Karol Wojtyla Biblioteca Karol Wojtyla Área de silencio 20/08/2021 1 138.00 1 808.8035234 B2921 2017 101222 17/06/2026 03/06/2026 03/06/2026 138.00 20/08/2021 Libro infantil